000
00258nam a22001097a 4500
082
_a
621.3848 MIC'S
100
_a
SOLYMAR, L
_9
40040
245
_a
MICROWAVE COMMUNICATIONS AND RADAR
260
_a
LONDON
_b
CHAPMAN & HALL
_c
1974
300
_a
190P
942
_c
BK
999
_c
583353
_d
583353